000 00291nam a22001211a 4500
999 _c153854
_d153854
082 _a
_b
100 _aHira Lal Choudhary
245 _aUGC NET JRF SET english literature paper 2 & 3/
_cby Hira Lal Choudhary.
260 _bUpkar
_c2013
_a
300 _a580p.
650 _a
942 _cBK